| 000 | 00459nam a2200181Ia 4500 | ||
|---|---|---|---|
| 005 | 20250423101647.0 | ||
| 008 | 250422s9999 xx 000 0 und d | ||
| 020 | _a0-619-25481-0 | ||
| 050 | _aQA 76.73.B3 .S4647/ | ||
| 100 | _aGary B. Shelly | ||
| 245 | 0 | _aVisual Basic 2005 for windows, mobile, web and office applications | |
| 260 | _aBoston | ||
| 260 | _bThomson | ||
| 260 | _c2007 | ||
| 300 | _a759 p | ||
| 650 | _aComputer science | ||
| 942 | _cBK | ||
| 999 |
_c36903 _d36903 |
||